Constraints in sustainable smallholder rubber farming in the moneragala district (Record no. 56199)

MARC details
000 -LEADER
fixed length control field 02554nam a2200205Ia 4500
100 ## - MAIN ENTRY--AUTHOR NAME
Personal name Wijesuriya Wasana
245 #0 - TITLE STATEMENT
Title Constraints in sustainable smallholder rubber farming in the moneragala district
260 ## - PUBLICATION, DISTRIBUTION, ETC. (IMPRINT)
Name of publisher Journal of the Rubber Research Institute of Sri Lanka
Year of publication 2011
300 ## - PHYSICAL DESCRIPTION
Number of Pages 61-73
520 ## - SUMMARY, ETC.
Summary, etc This study was focused on the Moneragala district which is one of the districts in the Uva Province. Rubber cultivation, being a new initiative there is a high risk of resources wastage in these areas in which necessitated a detail study for proper planning of this exercise. Hence, the objective of this study was to assess the existing status of rubber cultivation in this area together with socio-economic conditions of rubber farmers. A questionnaire survey was done to collect relevant information from 255, 248 and 143 respondents in the respective categories of farmers who are prepaired to cultivate rubber (potential farmers) and those who own immature and mature rubber plantations. Participatory studies were also done to assess the awareness on technical recommendations of rubber. The technical efficiency of rubber farmers was studied employing astochastic frontier approach. More than 50;of farmers had only primary level education. Hence, education need to be considered as a constraint in improving the awareness of rubber farmers. Higher percentage of farmers with a monthly income of less than Rs. 10,000 should also be regarded as a bottleneck for the adoption of recommended technologies. awareness on recommendations in immature phase ranged from 19;to 55;which was not at a satisfactory level. The awareness on tapping related activities was also not adequate since the awareness scores for both general and technical knowledge on tapping were below 40;. The production efficiency level of mature rubber lands ranged from 17;to 96;, with an average value of 59;. The lands with smaller extent have lower efficiency levels. Those who practise the recommended tapping intensity had high efficiency levels. The average efficiency observed in the virgin panel was 62;while it was 52;with the renewed panels. The average efficiency in the lands tapped by owners themselves was 61;while when tappers were hired it was only 55
650 ## - SUBJECT ADDED ENTRY--TOPICAL TERM
Topical Term Efficiency analysis
650 ## - SUBJECT ADDED ENTRY--TOPICAL TERM
Topical Term Non-traditional areas
650 ## - SUBJECT ADDED ENTRY--TOPICAL TERM
Topical Term Smallholders
650 ## - SUBJECT ADDED ENTRY--TOPICAL TERM
Topical Term Sustainable rubber farming
700 ## - ADDED ENTRY--PERSONAL NAME
Personal name Disssanayake DMAP
700 ## - ADDED ENTRY--PERSONAL NAME
Personal name Gunaratne PKKS
700 ## - ADDED ENTRY--PERSONAL NAME
Personal name Herath HMLK
942 ## - ADDED ENTRY ELEMENTS (KOHA)
Koha item type Journals
Holdings
Withdrawn status Lost status Damaged status Not for loan Home library Current library Shelving location Date acquired Serial Enumeration / chronology Koha item type
      Journals RRII Library RRII Library Economics 31/07/2013 Volume 91, Issue Journals